Statistiken für Alle Städte Niedersachsens

Klicken Sie hier um das Quiz zu spielen!

Allgemein

  • Dieses Quiz wurde 458 mal gespielt
    (41 seit der letzten Aktualisierung)
  • Das Durchschnittsergebnis liegt bei 59 aus 159

Antwortstatistiken

NameEinwohnerzahlKreis% Korrekt
Hannover538.068Region Hannover
100%
Göttingen119.801Göttingen
97%
Celle69.602Celle
94%
Aurich41.991Aurich
94%
Stade47.533Stade
94%
Hameln57.510Hameln-Pyrmont
94%
Braunschweig248.292kreisfreie Stadt
94%
Hildesheim101.990Hildesheim
94%
Wolfsburg124.151kreisfreie Stadt
94%
Oldenburg (Oldb)168.210kreisfreie Stadt
94%
Osnabrück164.748kreisfreie Stadt
94%
Cuxhaven48.371Cuxhaven
91%
Vechta32.433Vechta
91%
Lüneburg75.351Lüneburg
88%
Uelzen33.614Uelzen
88%
Goslar50.753Goslar
88%
Nienburg/Weser31.550Nienburg/Weser
84%
Cloppenburg34.913Cloppenburg
84%
Wilhelmshaven76.278kreisfreie Stadt
84%
Gifhorn42.519Gifhorn
84%
Wolfenbüttel52.174Wolfenbüttel
84%
Diepholz16.882Diepholz
81%
Emden50.195kreisfreie Stadt
78%
Salzgitter104.948kreisfreie Stadt
78%
Northeim29.107Northeim
78%
Peine49.952Peine
75%
Wittmund20.321Wittmund
75%
Helmstedt25.728Helmstedt
75%
Lüchow (Wendland)9.388Lüchow-Dannenberg
75%
Delmenhorst77.607kreisfreie Stadt
72%
Holzminden19.998Holzminden
69%
Dannenberg (Elbe)8.200Lüchow-Dannenberg
66%
Rotenburg (Wümme)21.798Rotenburg (Wümme)
63%
Meppen35.373Emsland
63%
Nordhorn53.403Grafschaft Bentheim
59%
Buxtehude40.150Stade
59%
Norden25.060Aurich
53%
Jever14.301Friesland
53%
Bad Pyrmont19.090Hameln-Pyrmont
53%
Garbsen60.754Region Hannover
53%
Lehrte43.999Region Hannover
50%
Langenhagen54.244Region Hannover
50%
Bad Bentheim15.486Grafschaft Bentheim
47%
Papenburg37.579Emsland
47%
Stadthagen22.247Schaumburg
44%
Neustadt am Rübenberge44.282Region Hannover
44%
Winsen (Luhe)34.896Harburg
44%
Lingen (Ems)54.422Emsland
44%
Varel24.001Friesland
44%
Soltau21.317Heidekreis
44%
Laatzen41.422Region Hannover
44%
Westerstede22.778Ammerland
41%
Wunstorf41.594Region Hannover
41%
Einbeck30.826Northeim
41%
Osterholz-Scharmbeck30.300Osterholz
41%
Verden (Aller)27.661Verden
41%
Burgdorf30.699Region Hannover
41%
Melle46.493Osnabrück
41%
Buchholz in der Nordheide39.272Harburg
38%
Bad Harzburg21.945Goslar
38%
Bad Fallingbostel11.852Heidekreis
38%
Springe28.951Region Hannover
38%
Achim31.911Verden
38%
Hann. Münden23.805Göttingen
38%
Seelze34.442Region Hannover
38%
Nordenham26.193Wesermarsch
38%
Clausthal-Zellerfeld15.888Goslar
34%
Barsinghausen34.234Region Hannover
34%
Bramsche30.952Osnabrück
34%
Walsrode23.068Heidekreis
34%
Leer (Ostfriesland)34.486Leer
34%
Quakenbrück13.500Osnabrück
34%
Sulingen12.842Diepholz
31%
Syke24.355Diepholz
31%
Burgwedel20.369Region Hannover
31%
Rinteln25.484Schaumburg
31%
Sarstedt19.359Hildesheim
31%
Seesen19.340Goslar
31%
Brake (Unterweser)14.965Wesermarsch
28%
Bremervörde18.528Rotenburg (Wümme)
28%
Bückeburg19.245Schaumburg
28%
Sehnde23.389Region Hannover
28%
Georgsmarienhütte31.827Osnabrück
28%
Bad Nenndorf11.144Schaumburg
25%
Duderstadt20.466Göttingen
25%
Geestland30.866Cuxhaven
25%
Schneverdingen18.662Heidekreis
25%
Bersenbrück8.501Osnabrück
25%
Otterndorf7.238Cuxhaven
25%
Osterode am Harz21.731Göttingen
25%
Lohne (Oldenburg)26.762Vechta
22%
Weener15.842Leer
22%
Elze8.939Hildesheim
22%
Schortens20.329Friesland
22%
Twistringen12.449Diepholz
22%
Friesoythe22.456Cloppenburg
22%
Pattensen14.636Region Hannover
22%
Bad Gandersheim9.823Northeim
22%
Ronnenberg24.347Region Hannover
22%
Herzberg am Harz12.889Göttingen
22%
Braunlage5.854Goslar
22%
Wildeshausen19.932Oldenburg
22%
Bad Iburg10.661Osnabrück
19%
Wittingen11.503Gifhorn
19%
Esens7.286Wittmund
19%
Haselünne12.914Emsland
19%
Norderney6.089Aurich
19%
Hemmoor8.673Cuxhaven
19%
Haren (Ems)23.829Emsland
19%
Zeven13.809Rotenburg (Wümme)
19%
Borkum5.125Leer
19%
Munster (Örtze)15.117Heidekreis
19%
Bassum15.964Diepholz
19%
Bad Bevensen9.122Uelzen
19%
Alfeld (Leine)18.626Hildesheim
19%
Uslar14.236Northeim
19%
Neuenhaus10.025Grafschaft Bentheim
16%
Hemmingen18.998Region Hannover
16%
Schüttorf12.839Grafschaft Bentheim
16%
Bergen13.556Celle
16%
Königslutter am Elm15.704Helmstedt
16%
Damme (Dümmer)17.127Vechta
16%
Visselhövede9.629Rotenburg (Wümme)
16%
Moringen6.956Northeim
13%
Elsfleth9.105Wesermarsch
13%
Freren5.023Emsland
13%
Hoya3.865Nienburg/Weser
13%
Werlte10.260Emsland
13%
Langelsheim11.361Goslar
13%
Hessisch Oldendorf18.130Hameln-Pyrmont
13%
Bad Münder am Deister17.465Hameln-Pyrmont
13%
Dissen am Teutoburger Wald9.882Osnabrück
13%
Gehrden14.864Region Hannover
13%
Löningen13.441Cloppenburg
13%
Bad Salzdetfurth13.145Hildesheim
13%
Schnackenburg564Lüchow-Dannenberg
9%
Hitzacker (Elbe)4.951Lüchow-Dannenberg
9%
Stadtoldendorf5.757Holzminden
9%
Dinklage13.150Vechta
9%
Wiesmoor13.141Aurich
9%
Bad Sachsa7.346Göttingen
9%
Hardegsen7.587Northeim
9%
Bad Lauterberg im Harz10.265Göttingen
9%
Rethem (Aller)2.337Heidekreis
6%
Fürstenau9.439Osnabrück
6%
Schöningen11.306Helmstedt
6%
Gronau (Leine)10.858Hildesheim
6%
Bodenwerder5.561Holzminden
6%
Schöppenstedt5.474Wolfenbüttel
6%
Rehburg-Loccum10.110Nienburg/Weser
6%
Bockenem9.795Hildesheim
6%
Sachsenhagen1.972Schaumburg
6%
Dransfeld4.367Göttingen
6%
Dassel9.604Northeim
6%
Eschershausen3.490Holzminden
6%
Bleckede9.457Lüneburg
3%
Wustrow (Wendland)2.788Lüchow-Dannenberg
3%
Obernkirchen9.246Schaumburg
3%
Rodenberg6.505Schaumburg
3%

Verteilung der Resultate

Perzentil nach korrekt beantworteten Fragen

Anzahl Personen mit jedem Resultat

Ihre Resultats-Entwicklung

Sie haben dieses Quiz seit der letzten Aktualisierung nicht gespielt